00758pab a2200145 454500008004000000100001900040245005600059260000900115300001300124362000800137520035900145650004000504650002600544773004200570180718b1998 xxu||||| |||| 00| 0 eng d aMatheson, Alex aGoverning strategically: the New Zealand experience c1998 ap.349-63 aOct aThis article describes the evolution of New Zealand's approach to the strategic direction of its public service during a decade of reform. Problems of atomization and short-termism which emerged from the first phase of reform were addressed through the adaptation of the Cabinet and central agency processes for policy, budget and management - Reproduced aAdministrative reform - New Zealand aAdministrative reform aPublic Administration and Development